Study Text Certificate Paper 6 : The Audit Framework. (Record no. 2927)

MARC details
005 - DATE AND TIME OF LATEST TRANSACTION
control field 20250531143557.0
020 ## - INTERNATIONAL STANDARD BOOK NUMBER
International Standard Book Number 0 7517 0190 4
082 ## - DEWEY DECIMAL CLASSIFICATION NUMBER
Classification number 657.45 ACC
100 ## - MAIN ENTRY--PERSONAL NAME
Author name ACCA
245 ## - TITLE STATEMENT
Title Study Text Certificate Paper 6 : The Audit Framework.
250 ## - EDITION STATEMENT
Edition statement 8th Ed
260 ## - PUBLICATION, DISTRIBUTION, ETC.
Place of publication, distribution, etc. London,
Name of publisher, distributor, etc. BPP,
Date of publication, distribution, etc. 2000.
300 ## - PHYSICAL DESCRIPTION
Extent xxii, 476p.: ill.;
Other physical details Index
Dimensions 29cm.
942 ## - ADDED ENTRY ELEMENTS (KOHA)
Source of classification or shelving scheme Dewey Decimal Classification
Koha item type Books
Holdings
Date last seen Total checkouts Full call number Barcode Cost, replacement price Price effective from Koha item type Lost status Source of classification or shelving scheme Damaged status Not for loan Withdrawn status Home library Current library Shelving location Date acquired Cost, normal purchase price
05/31/2025   657.45 ACC 00000010546 135000.00 05/31/2025 Books   Dewey Decimal Classification       College of Business Education Main Library College of Business Education Main Library Special Reserve Collection 04/01/2002 45000.00